| 000 | 00917nam a22002295i 4500 | ||
|---|---|---|---|
| 001 | 165032 | ||
| 003 | ES-MaACL | ||
| 005 | 20260629130411.0 | ||
| 008 | 010425s1840 fr af |||| | fre d | ||
| 040 |
_aCAM _bspa _cCAM |
||
| 100 | 1 |
_aScott, Walter, _cSir, _d1771-1832 _9104957 |
|
| 245 | 1 | 0 |
_aWaverley _b; L'Antiquaire / _cWalter Scott ; traduction nouvelle par Labert Montémont ; revue et corrigée d'aprés la dernière édition d'Edimbourg et continuée par M. Barré. |
| 260 |
_aParis : _bTypographie de Firmin Didot Frères, imprimeurs-libraires, _c1840. |
||
| 300 |
_aXXIV, 284, 284 p., [8] h. de lám. ; _c22 cm. |
||
| 490 | 1 |
_aOeuvres de Walter Scott ; _v1 |
|
| 700 | 1 |
_aMontémont, Albert. _9130122 |
|
| 700 | 1 |
_aBarré, Louis, _d1799-1857 _925873 |
|
| 740 | 2 | _aL'Antiquaire. | |
| 830 | 0 |
_aOeuvres de Walter Scott ; _v1 _9188527 |
|
| 852 |
_aES-MaACL _jG-8187 _z-- Enc. hol. |
||
| 999 |
_c165032 _d165032 |
||